000 00801nam a2200241 a 4500
003 OSt
005 20230711142633.0
007 ta
008 230204s2014 mx ||||| |||| 001 0 spa d
020 _a9786071717696
040 _cCHAP
082 0 0 _222
_a664.724
_bG64 2014
100 1 _948694
_aGonzález Arguinzones, Ubaldo
245 1 3 _aEl maíz y los productos de su industrialización /
_cPor Ubaldo González Arguinzones
250 _aSegunda edición.
264 1 _aMéxico :
_bTrillas,
_c2014.
300 _a168 páginas:
_bFiguras y tablas.
504 _aBibliografía páginas 149-158
650 4 _9160970
_aProductos derivados del maíz
_xIndustria
650 4 _9159762
_aProductos derivados de maíz
_xFórmulas y recetas
650 4 _9137566
_aMaíz Subproductos
942 _cLibro
_2ddc
999 _c218255
_d218255